000 00642cam a2200217 4500500
005 20260329005354.0
041 _afre
042 _adc
100 1 0 _aLarmagnac-Matheron, Octave
_eauthor
245 0 0 _aLe champignon est-il l’avenir de l’homme ?
260 _c2023.
500 _a56
690 _aArchitecture
690 _aChampignon
690 _aFutur
690 _aHabitation
690 _aMaison
690 _aSchtroumpf
786 0 _nPhilosophie magazine | 170 | 6 | 2023-06-01 | p. 12-12 | 1951-1787
856 4 1 _uhttps://shs.cairn.info/magazine-philosophie-magazine-2023-6-page-12?lang=fr&redirect-ssocas=7080
999 _c1842767
_d1842767